000 00657nam a2200193 i 4500
001 42725
003 ES-MaACL
005 20251113144909.0
007 t|
008 030313s1969 sp ||||1| spa d
100 1 _aCastiñeiras, Jaime.
_936788
245 1 0 _aPlan de formación social
_b: aprobado por la Comisión Episcopal de Apostolado Social /
_cJaime Castiñeiras, Javier Domínguez.
260 _aBilbao :
_bMensajero,
_c[1969]
300 _a327 p. ;
_c19 cm.
610 2 4 _aIglesia Católica-
_xDoctrina social
_94642
700 1 _aDomínguez, Javier,
_d1929-
_9152738
852 _aES-MaACL
_jC-51615
_bR.70829
999 _c42725
_d42725